| 000 | 01456cam a22003131i 4500 | ||
|---|---|---|---|
| 003 | SA-RiAUC | ||
| 005 | 20241009154207.0 | ||
| 008 | 241009s2008 su g b f000 0 ara c | ||
| 040 |
_aMA-HhKAF _bara _cSA-RiAUC. _erda |
||
| 072 | 7 | _aOM | |
| 082 | 0 | 4 |
_a415.1 _qSA-RiAUC |
| 090 |
_a415.1 _b ا ب ن ي |
||
| 100 | 1 |
_aابن يسعون، يوسف بن يبقى بن يوسف، _dتوفي بعد 542 هجري _eمؤلف. |
|
| 245 | 1 | 2 |
_aالمصباح لما أعتم من شواهد الإيضاح / _cتأليف أبي الحجاج يوسف بن يبقى بن يسعون ؛ تحقيق ودراسة محمد بن محمود الدعجاني. |
| 264 | 1 |
_aالمدينة المنورة : _bالجامعة الإسلامية، _c2008 |
|
| 300 |
_aمجلدات؛ _c24 سم |
||
| 336 |
_aنص _btxt _2rdacontent _3كتاب |
||
| 337 |
_aبدون وسيط _bn _2rdamedia |
||
| 338 |
_aمجلد _bnc _2rdacarrier |
||
| 504 | _aيشتمل على إرجاعات ببليوجرافية. | ||
| 504 | _aببليوجرافية : صفحة 1699-1727. | ||
| 650 | 7 |
_aاللغة العربية _xنحو _2aucsh |
|
| 650 | 7 |
_aاللغة العربية _xصرف _2aucsh |
|
| 700 | 1 | 2 |
_aأبو علي الفارسي، الحسن بن أحمد بن عبد الغفار، _d288-377 هجري |
| 700 | 1 |
_aالدعجاني، محمد بن حمود _eمحقق. |
|
| 740 | 2 | 2 | _aالإيضاح العضدي. |
| 942 |
_2ddc _cBOOK _n0 |
||
| 949 |
_aSA-JeALM _d241009 _umohamedma123 _n1 |
||
| 999 |
_c1095 _d1095 |
||